The strange signboard

Bibliographic Details
Format: Book
Published: Kuala Lumpur : Penerbitan Fargoes , 2005
Series:Adventurous boys series
Subjects:

MARC

LEADER 00000cam a2200000 7i4500
001 0000002063
005 20170221.0
008 070710
020 |a 9799831283911 
020 |a 9831283910 
090 0 0 |a JF   |b ENG 
245 1 4 |a The strange signboard 
260 |a Kuala Lumpur :   |b Penerbitan Fargoes ,   |c 2005 
440 |a Adventurous boys series 
500 |a Children ages 10-12 years old (pink) 
650 0 |a Adventure 
650 0 |a Junior fiction   |x English   |x Languages 
999 |a 0000898673   |b Book   |c Children Collection   |e Cawangan Tmn. Ungku Tun Aminah 
999 |a 0000898674   |b Book   |c Children Collection   |e Cawangan Tmn. Ungku Tun Aminah 
999 |a 0000967020   |b Book   |c Children Collection   |e Cawangan Sri Merlong 
999 |a 0000967021   |b Book   |c Children Collection   |e Cawangan Tmn. Ungku Tun Aminah 
999 |a 0000967022   |b Book   |c Children Collection   |e Cawangan Batu Pahat 
999 |a 0000967023   |b Book   |c Children Collection   |e Cawangan Bandar Penawar 
999 |a 0000969373   |b Book   |c Children Collection   |e Cawangan Segamat 
999 |a 0000969375   |b Book   |c Children Collection   |e Cawangan Tmn. Ungku Tun Aminah 
999 |a 0001163841   |b Book   |c Children Collection   |e Cawangan Tangkak 
999 |a 0001163842   |b Book   |c Children Collection   |e Cawangan Segamat 
999 |a 0001163843   |b Book   |c Children Collection   |e Cawangan Tmn. Ungku Tun Aminah 
999 |a 0001718092   |b Book   |c Children Collection   |e Cawangan Bandar Penawar